| 000 | 00640nam a22002417a 4500 | ||
|---|---|---|---|
| 003 | UA-OsUOA | ||
| 001 | 22598 | ||
| 007 | ta | ||
| 008 | 20031223b un ||||| |||| 00| 0 ukr d | ||
| 100 | _aШеховцов А.Д. | ||
| 090 |
_a32-(091)-(477) _bШ54 |
||
| 942 | _cBK | ||
| 040 |
_aUA-OsUOA _brus _cUA-OsUOA _dUA-OsUOA |
||
| 245 |
_aАнтимафия в законе _bДокументальная повесть |
||
| 300 |
_a538 с. _bІлюстрації |
||
| 955 | _a0 | ||
| 041 | _arus | ||
| 080 | _a32-(091)-(477) | ||
| 020 | _a966-95288-0-1 | ||
| 260 |
_aКиев _b"Корда" _c1997 |
||
| 044 | _aRU | ||
| 650 | 7 | _2UDC | |
| 999 |
_c308820 _d308820 |
||